Normal view
MARC view
Entry Personal Name
001 - CONTROL NUMBER
- control field: 86841
003 - CONTROL NUMBER IDENTIFIER
- control field: dpl
005 - DATE AND TIME OF LATEST TRANSACTION
- control field: 20260123163958.0
008 - FIXED-LENGTH DATA ELEMENTS
- fixed length control field: 260123|| aca||aabn | a|a d
040 ## - CATALOGING SOURCE
- Original cataloging agency: dpl
- Transcribing agency: dpl
100 ## - HEADING--PERSONAL NAME
- Personal name: मुरारी, मयंक
670 ## - SOURCE DATA FOUND
- Source citation: Work cat.: (dpl)214489: मुरारी, मयंक , दिव्य जीवन :, 2025
